[Event "14th Africa-ch (w)"]
[Site "Lilongwe MAW"]
[Date "2021.05.18"]
[Round "1.2"]
[White "Dutt, Lakshita"]
[Black "Moaataz, Ayah"]
[Result "0-1"]
[WhiteElo "1499"]
[BlackElo "2028"]
[PlyCount "30"]
[EventDate "2021.05.18"]

1. d4 d5 2. c4 e6 3. Nc3 Nf6 4. Bg5 Be7 5. Nf3 O-O 6. e3 b6 7. Be2 Bb7 8. O-O Ne4 9. Nxe4 dxe4 10. Bxe7 Qxe7 11. Nd2 c5 12. Qc2 f5 13. dxc5 bxc5 14. Rfe1 Nc6 15. Nf1 Ne5 0-1

[Event "14th Africa-ch (w)"]
[Site "Lilongwe MAW"]
[Date "2021.05.18"]
[Round "1.3"]
[White "Nassr, Lina"]
[Black "Mwilola, Phylis Namasiku"]
[Result "1-0"]
[WhiteElo "1960"]
[BlackElo "1432"]
[PlyCount "42"]
[EventDate "2021.05.18"]

1. d4 Nf6 2. Nf3 g6 3. c4 Bg7 4. Nc3 O-O 5. e3 d6 6. Be2 Nc6 7. O-O e5 8. g3 Ne8 9. dxe5 dxe5 10. Qxd8 Nxd8 11. Re1 Nc6 12. Bd2 h6 13. b4 Be6 14. Ne4 b6 15. Nc3 f5 16. Nd5 Rf7 17. Rad1 Rc8 18. c5 Nb8 19. Bc4 c6 20. Nxb6 Bxc4 21. Nxc8 Be6 1-0

[Event "14th Africa-ch (w)"]
[Site "Lilongwe MAW"]
[Date "2021.05.18"]
[Round "1.4"]
[White "Dlamini, Temahlubi Queen"]
[Black "Mwango, Lorita"]
[Result "0-1"]
[WhiteElo "1413"]
[BlackElo "1912"]
[PlyCount "58"]
[EventDate "2021.05.18"]

1. e4 c6 2. Nf3 d5 3. e5 Bg4 4. Be2 e6 5. d4 Qb6 6. a4 a6 7. c3 c5 8. a5 Qc7 9. Be3 cxd4 10. Bxd4 Nc6 11. Bb6 Qb8 12. O-O Bxf3 13. Bxf3 Nxe5 14. Qa4+ Nd7 15. b4 Ngf6 16. Nd2 Bd6 17. g3 O-O 18. c4 Ne5 19. c5 Bc7 20. Rfc1 Nc6 21. Nf1 Be5 22. Ra2 Bd4 23. b5 axb5 24. Qxb5 Rc8 25. a6 bxa6 26. Rxa6 Rxa6 27. Qxa6 Nd7 28. Nd2 Qa8 29. Qb5 Qa2 0-1

[Event "14th Africa-ch (w)"]
[Site "Lilongwe MAW"]
[Date "2021.05.18"]
[Round "1.5"]
[White "Ogbiyoyo, Perpetual Eloho"]
[Black "Bobrova, Lubov"]
[Result "1-0"]
[WhiteElo "1880"]
[BlackElo "1397"]
[PlyCount "62"]
[EventDate "2021.05.18"]

1. e4 c6 2. d4 d5 3. f3 g6 4. e5 Bg7 5. f4 e6 6. Nf3 Ne7 7. Bd3 Nd7 8. c3 c5 9. Na3 a6 10. Qa4 O-O 11. O-O Nc6 12. Qd1 cxd4 13. cxd4 f5 14. Nc2 b5 15. b3 Nb6 16. Ba3 Re8 17. Qd2 Bd7 18. Rac1 Bf8 19. Bxf8 Rxf8 20. Ne3 Qe7 21. Bb1 Rfc8 22. Kh1 Rc7 23. Rc5 Rac8 24. Rfc1 Be8 25. Nd1 Na8 26. Nb2 Nb6 27. Nd3 Nd7 28. R5c2 Ndb8 29. Nc5 b4 30. Ng5 Bf7 31. Qd3 a5 1-0

[Event "14th Africa-ch (w)"]
[Site "Lilongwe MAW"]
[Date "2021.05.18"]
[Round "1.6"]
[White "Staal, Michaela Francis"]
[Black "February, Jesse Nikki"]
[Result "0-1"]
[WhiteElo "1356"]
[BlackElo "1824"]
[PlyCount "78"]
[EventDate "2021.05.18"]

1. e4 c5 2. Nf3 d6 3. d4 cxd4 4. Nxd4 Nf6 5. Nc3 a6 6. a4 e6 7. Bg5 Be7 8. Bc4 Nc6 9. O-O O-O 10. Nf3 Qc7 11. Qe2 Rd8 12. Rad1 b6 13. Rfe1 Bb7 14. b3 Na5 15. e5 Bxf3 16. Qxf3 dxe5 17. Bd3 Nc6 18. Ne4 Nd5 19. c4 Nd4 20. Qh3 Nf4 21. Bxf4 exf4 22. Nd2 g6 23. Nf3 Nxb3 24. Ne5 Bf6 25. Ng4 Bg7 26. Be4 Rxd1 27. Rxd1 Rd8 28. Rxd8+ Qxd8 29. Qxb3 h5 30. Bb7 hxg4 31. Bxa6 Qd2 32. Qb1 Bd4 33. Qf1 g3 34. hxg3 fxg3 35. c5 gxf2+ 36. Kh2 Qh6+ 37. Kg3 Qe3+ 38. Kh2 Be5+ 39. Kh1 Qh3+ 0-1

[Event "14th Africa-ch (w)"]
[Site "Lilongwe MAW"]
[Date "2021.05.18"]
[Round "1.7"]
[White "Vilhete, Vania Fausto"]
[Black "Mpinganjira, Ellen"]
[Result "1-0"]
[WhiteElo "1799"]
[BlackElo "1356"]
[PlyCount "51"]
[EventDate "2021.05.18"]

1. d4 c5 2. e3 cxd4 3. exd4 Nf6 4. c4 d6 5. Nf3 e6 6. Nc3 Be7 7. Bd3 b6 8. O-O Bb7 9. Re1 O-O 10. Bg5 Nbd7 11. Rc1 Rc8 12. b3 Re8 13. Nd2 Qc7 14. f3 a6 15. Bb1 Nf8 16. Qe2 Nh5 17. Bxe7 Rxe7 18. Qe3 Nf6 19. Qg5 Rd8 20. Nde4 Bxe4 21. Bxe4 h6 22. Qh4 Nxe4 23. Nxe4 Ng6 24. Qg3 Rde8 25. Nc3 Qd7 26. Red1 1-0

[Event "14th Africa-ch (w)"]
[Site "Lilongwe MAW"]
[Date "2021.05.18"]
[Round "1.8"]
[White "Sy Mame, Binta"]
[Black "Nakabo, Peninah"]
[Result "0-1"]
[WhiteElo "1349"]
[BlackElo "1730"]
[PlyCount "58"]
[EventDate "2021.05.18"]

1. e4 c6 2. d4 d5 3. Nc3 dxe4 4. Nxe4 Bf5 5. Nc3 Nf6 6. Nf3 e6 7. Be2 Bd6 8. O-O Nbd7 9. Be3 O-O 10. Bg5 Qb6 11. Na4 Qc7 12. Qd2 Ne4 13. Qc1 Qa5 14. b3 b5 15. Nb2 Ba3 16. Rb1 Nc3 17. Bd2 Nxe2+ 18. Kh1 Nxc1 19. Bxa5 Nxa2 20. Nd3 Bxd3 21. cxd3 Bb4 22. Ra1 Bxa5 23. Rxa2 Bb6 24. Rc2 Rac8 25. Rfc1 Nb8 26. h3 Rfd8 27. Ne5 Bxd4 28. f4 Bxe5 29. fxe5 Rxd3 0-1

[Event "14th Africa-ch (w)"]
[Site "Lilongwe MAW"]
[Date "2021.05.18"]
[Round "1.9"]
[White "Marape, Naledi"]
[Black "Trapence, Caroline"]
[Result "1-0"]
[WhiteElo "1717"]
[BlackElo "1341"]
[PlyCount "67"]
[EventDate "2021.05.18"]

1. e4 e5 2. Nf3 Nc6 3. d4 exd4 4. Nxd4 d6 5. Nxc6 bxc6 6. Nc3 h6 7. Bc4 Nf6 8. O-O Be7 9. f3 Bb7 10. Qe2 a5 11. Rd1 Nd7 12. f4 Nc5 13. Be3 Nd7 14. Qd2 O-O 15. Be2 Re8 16. Bf3 Nb6 17. b3 Bf6 18. Bd4 Nd7 19. Bxf6 Nxf6 20. Re1 c5 21. Rad1 Bc6 22. Qf2 Rb8 23. e5 Bxf3 24. Qxf3 Nd7 25. Ne4 Re6 26. Nxc5 Rg6 27. Ne4 Nf8 28. f5 Rxg2+ 29. Qxg2 Rb6 30. Rd3 Qh4 31. Qg3 Qxg3+ 32. Nxg3 dxe5 33. Rxe5 c6 34. Re7 1-0

[Event "14th Africa-ch (w)"]
[Site "Lilongwe MAW"]
[Date "2021.05.18"]
[Round "1.10"]
[White "Badenhorst, Chloe"]
[Black "Charinda, Kudzanayi"]
[Result "1-0"]
[WhiteElo "1316"]
[BlackElo "1702"]
[PlyCount "88"]
[EventDate "2021.05.18"]

1. e4 c5 2. Nc3 d6 3. g3 Nf6 4. Bg2 Nc6 5. d3 g6 6. Nge2 Bg7 7. O-O O-O 8. f4 e6 9. h3 a6 10. g4 Qc7 11. Ng3 b5 12. g5 Ne8 13. f5 Be5 14. Nce2 f6 15. fxg6 hxg6 16. c3 f5 17. exf5 exf5 18. Nf4 Bxf4 19. Bxf4 Ng7 20. Qf3 Na5 21. Qd5+ Be6 22. Qxd6 Qxd6 23. Bxd6 Rac8 24. Bxf8 Kxf8 25. Ne2 Nc6 26. a3 Rc7 27. Rad1 Bb3 28. Rd2 Ne5 29. Nf4 Kf7 30. Re1 Nc6 31. Rde2 Nd8 32. Bd5+ Bxd5 33. Nxd5 Rc6 34. Re7+ Kf8 35. Rc7 Rd6 36. Nf4 Kg8 37. Rxc5 Nde6 38. Nxe6 Nxe6 39. Rc8+ Kf7 40. h4 Rxd3 41. Rc6 Nf4 42. Rf6+ Kg7 43. Re7+ Kg8 44. Rxa6 Rd8 1-0

[Event "14th Africa-ch (w)"]
[Site "Lilongwe MAW"]
[Date "2021.05.18"]
[Round "1.11"]
[White "Nassr, Manel"]
[Black "Msukwa, Tupokiwe"]
[Result "1-0"]
[WhiteElo "1670"]
[BlackElo "1304"]
[PlyCount "67"]
[EventDate "2021.05.18"]

1. e4 c5 2. Nf3 d6 3. c3 Nf6 4. Be2 Nc6 5. d3 e5 6. Be3 d5 7. exd5 Nxd5 8. Qa4 Bd7 9. Qb3 Nf4 10. Bxf4 exf4 11. O-O Be7 12. Nbd2 O-O 13. Nc4 b6 14. Rfe1 Re8 15. Nfe5 Nxe5 16. Nxe5 Be6 17. Qa4 Qc7 18. Bf3 Rad8 19. Rad1 Bf6 20. Nc6 Bd7 21. Qxa7 Rxe1+ 22. Rxe1 Qxa7 23. Nxa7 Be6 24. Rd1 Bxa2 25. Nc6 Re8 26. h3 g5 27. Ra1 Bb3 28. Ra6 Bc2 29. d4 cxd4 30. cxd4 Be4 31. d5 Bxf3 32. gxf3 Bxb2 33. Rxb6 Bf6 34. d6 1-0

[Event "14th Africa-ch (w)"]
[Site "Lilongwe MAW"]
[Date "2021.05.18"]
[Round "1.12"]
[White "Shriyan, Santosh Priyasha"]
[Black "Ndirangu, Joyce Nyaruai"]
[Result "1-0"]
[WhiteElo "1285"]
[BlackElo "1659"]
[PlyCount "115"]
[EventDate "2021.05.18"]

1. Nf3 Nf6 2. d4 d5 3. g3 Bf5 4. Bg2 e6 5. c4 Bb4+ 6. Bd2 Qe7 7. Qa4+ Nc6 8. Ne5 Bxd2+ 9. Nxd2 Qb4 10. Qxb4 Nxb4 11. O-O Nc2 12. Rac1 Nxd4 13. Rfe1 c6 14. cxd5 exd5 15. e4 dxe4 16. Nxe4 Nxe4 17. Bxe4 Be6 18. Rcd1 Rd8 19. Rd3 O-O 20. Red1 c5 21. b3 b6 22. Kg2 Rc8 23. Nf3 Bg4 24. a3 Bxf3+ 25. Bxf3 Rfe8 26. R1d2 Kf8 27. h3 Rc7 28. b4 Re1 29. bxc5 bxc5 30. Rc3 Nb5 31. Rb3 a6 32. Be2 c4 33. Re3 g6 34. Rc2 c3 35. Bxb5 Rxe3 36. fxe3 axb5 37. Kf3 f5 38. Ke2 Ke7 39. Kd3 Ke6 40. Rxc3 Rd7+ 41. Ke2 Ra7 42. Rb3 Ra5 43. Rd3 Ke5 44. Kf3 Ra7 45. Rb3 Rb7 46. Rb4 Kd5 47. a4 Kc5 48. Rxb5+ Rxb5 49. axb5 Kxb5 50. e4 fxe4+ 51. Kxe4 Kc5 52. Kf4 Kd5 53. Kg5 Ke4 54. g4 Kf3 55. Kh6 Kg3 56. Kxh7 Kxh3 57. g5 Kh4 58. Kxg6 1-0

[Event "14th Africa-ch (w)"]
[Site "Lilongwe MAW"]
[Date "2021.05.18"]
[Round "1.13"]
[White "Marochkina, Nadezhda Valerevna"]
[Black "Simwaba, Anne"]
[Result "1-0"]
[WhiteElo "1639"]
[BlackElo "1269"]
[PlyCount "63"]
[EventDate "2021.05.18"]

1. d4 e6 2. c4 d5 3. e3 Nf6 4. Nf3 c5 5. Nc3 Nc6 6. b3 cxd4 7. Nxd4 Bb4 8. Bb2 Ne4 9. Qc2 Nxd4 10. exd4 Bxc3+ 11. Bxc3 Nxc3 12. Qxc3 O-O 13. c5 Bd7 14. Be2 Rc8 15. O-O b6 16. b4 Qf6 17. Rac1 bxc5 18. bxc5 Bc6 19. Ba6 Rb8 20. Rb1 Qe7 21. Rb3 Qc7 22. Rfb1 Rxb3 23. axb3 Rb8 24. b4 Bb5 25. Qa3 f6 26. Bxb5 Rxb5 27. Qa6 Qb7 28. Qxe6+ Kf8 29. Re1 g6 30. Qe8+ Kg7 31. Re7+ Qxe7 32. Qxe7+ 1-0

[Event "14th Africa-ch (w)"]
[Site "Lilongwe MAW"]
[Date "2021.05.18"]
[Round "1.14"]
[White "Banda, Tapiwa"]
[Black "Makwena, Christine"]
[Result "0-1"]
[WhiteElo "1087"]
[BlackElo "1638"]
[PlyCount "42"]
[EventDate "2021.05.18"]

1. e4 e6 2. Nf3 d5 3. e5 c5 4. d4 Nc6 5. Bb5 Bd7 6. Bxc6 bxc6 7. c3 cxd4 8. cxd4 c5 9. O-O Qb6 10. b3 Ne7 11. Be3 Nf5 12. dxc5 Nxe3 13. fxe3 Bxc5 14. Nd4 O-O 15. Rf4 Qc7 16. Qh5 Bxd4 17. exd4 Qc1+ 18. Rf1 Qe3+ 19. Kh1 Qxd4 20. Na3 Qb2 21. h3 Qxa3 0-1

[Event "14th Africa-ch (w)"]
[Site "Lilongwe MAW"]
[Date "2021.05.19"]
[Round "2.4"]
[White "Mwango, Lorita"]
[Black "Mongeli, Sasha"]
[Result "1-0"]
[WhiteElo "1912"]
[BlackElo "1553"]
[PlyCount "109"]
[EventDate "2021.05.18"]

1. d4 d5 2. Nf3 Nf6 3. Bf4 Bf5 4. e3 e6 5. c3 Bd6 6. Bg3 Ne4 7. Be2 O-O 8. Nbd2 Nd7 9. Qb3 Nb6 10. O-O Bxg3 11. hxg3 c6 12. c4 dxc4 13. Nxc4 Nxc4 14. Bxc4 Qb6 15. Qa3 Qd8 16. Rac1 Qd6 17. Qb3 Rab8 18. Rfd1 Bg4 19. Qc2 Nf6 20. a3 c5 21. Be2 b6 22. Qa4 Qe7 23. Kf1 cxd4 24. Nxd4 Bxe2+ 25. Kxe2 Qb7 26. Nc6 Rbc8 27. Qxa7 Qxa7 28. Nxa7 Ra8 29. Nb5 Ra5 30. Nd6 g6 31. Nc4 Rb5 32. b4 Rb8 33. Rd6 Rc8 34. f3 Ra8 35. e4 Kf8 36. Rc3 Rb8 37. Rb3 Ke7 38. a4 Ne8 39. Rd2 Rh5 40. Nb2 Rh2 41. Ke3 Rh1 42. Rbd3 Rb7 43. Rc3 Rb1 44. Rc6 h6 45. b5 Ra1 46. Nc4 Rxa4 47. Nxb6 Ra3+ 48. Ke2 Rb3 49. Nc8+ Kf8 50. b6 Kg7 51. e5 Rb5 52. f4 Kf8 53. Rd8 Rb8 54. Rxe8+ Kxe8 55. Nd6+ 1-0

[Event "14th Africa-ch (w)"]
[Site "Lilongwe MAW"]
[Date "2021.05.19"]
[Round "2.5"]
[White "Makwena, Christine"]
[Black "Ogbiyoyo, Perpetual Eloho"]
[Result "0-1"]
[WhiteElo "1638"]
[BlackElo "1880"]
[PlyCount "90"]
[EventDate "2021.05.18"]

1. d4 Nf6 2. c4 b6 3. Nf3 Bb7 4. g3 e6 5. Bg2 Bb4+ 6. Bd2 Bxd2+ 7. Nbxd2 Ne4 8. O-O O-O 9. Qc2 f5 10. Ne5 d6 11. Nxe4 dxe5 12. Nf6+ Rxf6 13. Bxb7 Nd7 14. Bxa8 Qxa8 15. e3 f4 16. d5 f3 17. dxe6 Rxe6 18. Qf5 Qc6 19. Rfd1 g6 20. Qd3 Rd6 21. Qc2 Rf6 22. Qd3 Rd6 23. Qf1 Rf6 24. Qh3 Rf5 25. e4 Rf7 26. Rd5 Nf6 27. Rxe5 Qxc4 28. Qe6 Qd4 29. Rb1 Ng4 30. Qxg4 Qxe5 31. h3 Kg7 32. b3 h5 33. Qc8 Qxe4 34. Rc1 c5 35. Qa6 Qd4 36. Re1 Qd2 37. Re3 Qd1+ 38. Kh2 Qd2 39. Kg1 Kh6 40. Qc4 Kg7 41. a4 Qd1+ 42. Kh2 Qd4 43. Qc2 Qxe3 44. fxe3 f2 45. Qc3+ Kh7 0-1

[Event "14th Africa-ch (w)"]
[Site "Lilongwe MAW"]
[Date "2021.05.19"]
[Round "2.6"]
[White "February, Jesse Nikki"]
[Black "Badenhorst, Chloe"]
[Result "1-0"]
[WhiteElo "1824"]
[BlackElo "1316"]
[PlyCount "65"]
[EventDate "2021.05.18"]

1. e4 c5 2. Nf3 Nc6 3. d4 cxd4 4. Nxd4 Nf6 5. Nc3 e5 6. Ndb5 d6 7. Bg5 a6 8. Na3 b5 9. Bxf6 gxf6 10. Nd5 Bg7 11. c3 O-O 12. Bd3 Be6 13. Qh5 Ne7 14. Nxe7+ Qxe7 15. O-O Qd7 16. h3 h6 17. Nc2 Bc4 18. Bxc4 bxc4 19. Ne3 Rac8 20. Rfd1 Rc6 21. Rd2 Rd8 22. Rad1 Kh7 23. Qh4 Qe7 24. Nf5 Qc7 25. Re1 Rg8 26. Re3 Qd8 27. Rg3 Qf8 28. Re2 Rb6 29. Ree3 Rxb2 30. Rxg7+ Rxg7 31. Qxh6+ Kg8 32. Nxg7 Qxg7 33. Rg3 1-0

[Event "14th Africa-ch (w)"]
[Site "Lilongwe MAW"]
[Date "2021.05.19"]
[Round "2.7"]
[White "Banda, Natalie Katlo"]
[Black "Vilhete, Vania Fausto"]
[Result "1/2-1/2"]
[WhiteElo "1560"]
[BlackElo "1799"]
[PlyCount "81"]
[EventDate "2021.05.18"]

1. d4 Nf6 2. Bg5 d5 3. Bxf6 exf6 4. e3 Bd6 5. Bd3 Be6 6. Nd2 Nd7 7. c4 dxc4 8. Bxc4 Bxc4 9. Nxc4 Bb4+ 10. Nd2 Nb6 11. Ngf3 O-O 12. O-O c5 13. a3 Bxd2 14. Qxd2 cxd4 15. Qxd4 Qe7 16. Rac1 Rfd8 17. Qc5 Qe4 18. Rfd1 Qa4 19. Rd4 Qb3 20. Qc2 Qe6 21. Rxd8+ Rxd8 22. Qe2 h6 23. h3 Qe4 24. Nd2 Qd5 25. Nf3 Qe4 26. Nd2 Qd3 27. Qxd3 Rxd3 28. Rc2 Na4 29. Kf1 Rd7 30. Ke2 Nb6 31. Rc3 f5 32. f3 Kf8 33. Nb3 Ke7 34. Nd4 g6 35. b3 f4 36. Nc2 Nd5 37. Rd3 fxe3 38. g3 Rd6 39. Nxe3 Nxe3 40. Rxd6 Kxd6 41. Kxe3 1/2-1/2

[Event "14th Africa-ch (w)"]
[Site "Lilongwe MAW"]
[Date "2021.05.19"]
[Round "2.9"]
[White "Charinda, Kudzanayi"]
[Black "Wanjiru, Lucy"]
[Result "1-0"]
[WhiteElo "1702"]
[BlackElo "1623"]
[PlyCount "83"]
[EventDate "2021.05.18"]

1. e4 d5 2. exd5 Qxd5 3. Nf3 Nf6 4. c4 Qd8 5. Nc3 e6 6. d3 Be7 7. Be2 Nbd7 8. Bf4 a6 9. O-O c5 10. Rb1 O-O 11. a3 b6 12. b4 Bb7 13. Nd2 e5 14. Be3 Re8 15. Nde4 Qc7 16. Bf3 Nxe4 17. dxe4 cxb4 18. axb4 Nf6 19. Nd5 Nxd5 20. cxd5 Rad8 21. Qb3 Qd6 22. Be2 Qg6 23. f3 Bg5 24. Rfd1 Rd6 25. Rbc1 Qh6 26. Bxg5 Qxg5 27. Rc7 Bc8 28. Rdc1 Bh3 29. Bf1 Rd7 30. Kh1 Rxc7 31. Rxc7 Rc8 32. Qc4 Qd8 33. Rxc8 Bxc8 34. Qc6 b5 35. h3 g6 36. Be2 Kf8 37. Bd1 Qd7 38. Qc5+ Kg7 39. Bb3 f5 40. d6 Kf6 41. g4 Qe8 42. exf5 1-0

[Event "14th Africa-ch (w)"]
[Site "Lilongwe MAW"]
[Date "2021.05.19"]
[Round "2.10"]
[White "Tadeyo, Charity"]
[Black "Ndirangu, Joyce Nyaruai"]
[Result "0-1"]
[WhiteElo "1084"]
[BlackElo "1659"]
[PlyCount "54"]
[EventDate "2021.05.18"]

1. d4 Nf6 2. c4 g6 3. Nf3 Bg7 4. g3 d5 5. e3 O-O 6. Bg2 dxc4 7. Nc3 c6 8. O-O Bg4 9. Re1 Nd5 10. Bd2 Nd7 11. Rc1 Nb4 12. Rf1 Nd3 13. Qc2 e5 14. Nxe5 N7xe5 15. dxe5 Nxe5 16. Nd1 Qd3 17. Re1 Rad8 18. f3 Qxd2 19. Qxd2 Rxd2 20. fxg4 Nxg4 21. Rxc4 Nxe3 22. Nxe3 Bd4 23. Kf1 Re8 24. Rb4 Rxe3 25. Rxe3 Bxe3 26. Rxb7 Rf2+ 27. Ke1 Rxg2 0-1

[Event "14th Africa-ch (w)"]
[Site "Lilongwe MAW"]
[Date "2021.05.19"]
[Round "2.11"]
[White "Trapence, Caroline"]
[Black "Mugide, Safinah"]
[Result "0-1"]
[WhiteElo "1341"]
[BlackElo "1518"]
[PlyCount "58"]
[EventDate "2021.05.18"]

1. d4 Nf6 2. c4 e6 3. Nc3 c5 4. d5 exd5 5. cxd5 d6 6. Nf3 g6 7. g3 Bg7 8. Bg2 O-O 9. Bg5 h6 10. Be3 Re8 11. O-O Nbd7 12. Qc1 Kh7 13. Re1 Nb6 14. Rd1 Qe7 15. Nd2 Ng4 16. Bf4 g5 17. Be4+ f5 18. Bd3 gxf4 19. Nf3 fxg3 20. hxg3 Qf6 21. Kg2 Ne5 22. Qe3 Bd7 23. Rh1 Kg8 24. Nb5 Nxd5 25. Qd2 Bc6 26. Nxe5 Rxe5 27. Bc4 Kf8 28. Kg1 a6 29. Bxd5 Rxd5 0-1

[Event "14th Africa-ch (w)"]
[Site "Lilongwe MAW"]
[Date "2021.05.19"]
[Round "2.12"]
[White "Msukwa, Tupokiwe"]
[Black "Dutt, Lakshita"]
[Result "0-1"]
[WhiteElo "1304"]
[BlackElo "1499"]
[PlyCount "108"]
[EventDate "2021.05.18"]

1. d4 Nf6 2. c4 e6 3. Nc3 d5 4. Nf3 Be7 5. e3 O-O 6. Be2 b6 7. Qc2 Bb7 8. b3 Nbd7 9. O-O c5 10. cxd5 Nxd5 11. a3 N7f6 12. Bb2 Rc8 13. Nxd5 Qxd5 14. Bc4 Qc6 15. Qe2 Rfe8 16. Rfc1 Qe4 17. Ba6 cxd4 18. Rxc8 Rxc8 19. Bxb7 Qxb7 20. Bxd4 Qc6 21. b4 Qc4 22. Qe1 Ne4 23. Nd2 Nxd2 24. Qxd2 Qc2 25. Qe1 Bf6 26. Bxf6 gxf6 27. Qd1 Qxd1+ 28. Rxd1 Rc3 29. Ra1 Kf8 30. Kf1 a5 31. bxa5 bxa5 32. g3 Kg7 33. Ra2 Kg6 34. Ke2 Kg5 35. Kf3 f5 36. h4+ Kg6 37. Kf4 f6 38. Kf3 e5 39. a4 Rb3 40. Ke2 f4 41. Kf3 fxe3 42. fxe3 h5 43. Ke4 Kf7 44. Kf3 f5 45. Rc2 Rb4 46. Rc5 Rxa4 47. Rxe5 Ra1 48. Rxf5+ Kg6 49. Rb5 a4 50. Ra5 a3 51. Ke2 a2 52. Rg5+ Kh6 53. e4 Rh1 54. e5 a1=Q 0-1

[Event "14th Africa-ch (w)"]
[Site "Lilongwe MAW"]
[Date "2021.05.19"]
[Round "2.13"]
[White "Mwilola, Phylis Namasiku"]
[Black "Sy Mame, Binta"]
[Result "1-0"]
[WhiteElo "1432"]
[BlackElo "1349"]
[PlyCount "37"]
[EventDate "2021.05.18"]

1. d4 d5 2. Bf4 Nc6 3. c3 Bd7 4. e3 Nf6 5. Nd2 e6 6. Bd3 h6 7. h3 Be7 8. Ngf3 O-O 9. c4 Ne8 10. h4 f6 11. Bg6 e5 12. dxe5 fxe5 13. Nxe5 Bxh4 14. Ndf3 Nxe5 15. Qxd5+ Nf7 16. Rxh4 Nf6 17. Qc5 Bc6 18. Ne5 Bd5 19. Qd4 1-0

[Event "14th Africa-ch (w)"]
[Site "Lilongwe MAW"]
[Date "2021.05.19"]
[Round "2.15"]
[White "Bobrova, Lubov"]
[Black "Banda, Tapiwa"]
[Result "1-0"]
[WhiteElo "1397"]
[BlackElo "1087"]
[PlyCount "95"]
[EventDate "2021.05.18"]

1. d4 d5 2. c4 c6 3. Nc3 e6 4. e3 Bb4 5. Nf3 Nf6 6. Bd2 Bxc3 7. bxc3 Ne4 8. Be2 O-O 9. O-O Re8 10. Qc2 h6 11. Bd3 f5 12. Ne5 Nd7 13. Nxd7 Bxd7 14. f3 Nxd2 15. Qxd2 Rf8 16. e4 Qg5 17. f4 Qg6 18. e5 a6 19. c5 Kf7 20. a4 Rh8 21. a5 Qh7 22. Rab1 Ra7 23. Rb2 Rb8 24. Rfb1 Qh8 25. Rb6 Bc8 26. Rxc6 bxc6 27. Rxb8 Rb7 28. Rxb7+ Bxb7 29. Qb2 Qa8 30. Qb6 Qc8 31. Qa7 Qa8 32. Qb6 Qc8 33. c4 g6 34. cxd5 exd5 35. Qb2 Ke6 36. h3 h5 37. Qb1 Kf7 38. Kh2 h4 39. g4 hxg3+ 40. Kxg3 Ke6 41. h4 Ba8 42. h5 Qg8 43. Kh4 Qd8+ 44. Kh3 gxh5 45. Bxf5+ Kf7 46. Qb6 Qxb6 47. cxb6 Bb7 48. Kh4 1-0

[Event "14th Africa-ch (w)"]
[Site "Lilongwe MAW"]
[Date "2021.05.21"]
[Round "4.4"]
[White "Banda, Natalie Katlo"]
[Black "Nakabo, Peninah"]
[Result "1-0"]
[WhiteElo "1560"]
[BlackElo "1730"]
[PlyCount "97"]
[EventDate "2021.05.18"]

1. d4 c5 2. e3 Nf6 3. Nf3 d5 4. Nbd2 Bf5 5. c4 e6 6. Qb3 Qb6 7. cxd5 exd5 8. Bb5+ Nbd7 9. Bxd7+ Nxd7 10. Qxd5 Be6 11. Qe4 Nf6 12. Qc2 Rc8 13. Qd1 c4 14. Qc2 Qb5 15. O-O Be7 16. Ne5 O-O 17. Ndf3 Bd5 18. Bd2 Be4 19. Qc1 h6 20. Bc3 Qa4 21. Nd2 Qa6 22. Nxe4 Nxe4 23. Qc2 Nd6 24. Rfd1 b5 25. a4 Rc7 26. axb5 Qxb5 27. Ra5 Qb7 28. Rda1 Ra8 29. Qa4 f6 30. Ng6 Bd8 31. Ra6 Nb5 32. Qb3 Nxc3 33. Qxc3 Kf7 34. Nf4 g5 35. Ne6 Rac8 36. Nxc7 Rxc7 37. Qa3 Be7 38. Qa5 Rc8 39. Qc3 h5 40. Rxa7 Qe4 41. b3 h4 42. bxc4 g4 43. c5 h3 44. Qc4+ Kg6 45. Qf1 f5 46. gxh3 gxh3 47. Qxh3 Bg5 48. Qh7+ Kf6 49. Qf7# 1-0

[Event "14th Africa-ch (w)"]
[Site "Lilongwe MAW"]
[Date "2021.05.21"]
[Round "4.5"]
[White "Mpinganjira, Ellen"]
[Black "Marape, Naledi"]
[Result "0-1"]
[WhiteElo "1356"]
[BlackElo "1717"]
[PlyCount "102"]
[EventDate "2021.05.18"]

1. e4 c5 2. Nf3 d6 3. h3 Nf6 4. Nc3 a6 5. d3 g6 6. Be2 Bg7 7. O-O O-O 8. Bd2 Nc6 9. Qc1 Re8 10. Bh6 Bh8 11. Nh2 Nd4 12. Bd1 Bg7 13. Ne2 e5 14. Ng3 Bd7 15. c3 Nc6 16. Bxg7 Kxg7 17. a3 Rc8 18. f4 Rf8 19. f5 Ne7 20. Ng4 Neg8 21. Ne3 b5 22. b3 Bc6 23. Ng4 Qe7 24. c4 bxc4 25. bxc4 Rb8 26. Nh2 Rb6 27. h4 Rfb8 28. h5 Bd7 29. Qg5 h6 30. Qc1 g5 31. Ng4 Nxg4 32. Bxg4 f6 33. Ne2 Rb3 34. Nc3 Qd8 35. Be2 Qa5 36. Nd5 Bc6 37. Ne3 Ne7 38. Nc2 Ba4 39. Qe1 Qb6 40. Ne3 Bc6 41. Nd1 Be8 42. Nc3 Qa5 43. Nd1 Qc7 44. Nc3 Nc6 45. Bd1 Rb2 46. Rf2 R2b7 47. g4 Nd4 48. Nd5 Qd8 49. Nc3 Qa5 50. Rf1 Bc6 51. Ne2 Nf3+ 0-1

[Event "14th Africa-ch (w)"]
[Site "Lilongwe MAW"]
[Date "2021.05.21"]
[Round "4.6"]
[White "Charinda, Kudzanayi"]
[Black "Mongeli, Sasha"]
[Result "1-0"]
[WhiteElo "1702"]
[BlackElo "1553"]
[PlyCount "103"]
[EventDate "2021.05.18"]

1. e4 c6 2. d4 d5 3. exd5 cxd5 4. Bd3 Nf6 5. c3 e6 6. Bf4 Nbd7 7. Nf3 Be7 8. Nbd2 O-O 9. O-O Re8 10. Qc2 Nf8 11. Ne5 Nh5 12. Be3 g6 13. f4 f5 14. Ndf3 Nd7 15. Nxd7 Bxd7 16. Ne5 Nf6 17. Rf3 Bf8 18. Rh3 b5 19. Kh1 Rb8 20. Rg1 Re7 21. Bf2 Rg7 22. Bh4 b4 23. g4 bxc3 24. bxc3 Be7 25. gxf5 exf5 26. Bg5 Ng4 27. Bh6 Nxh6 28. Rxh6 Ba3 29. c4 Be6 30. Nc6 Qc7 31. Nxb8 dxc4 32. Bf1 Qb7+ 33. Bg2 Qxb8 34. Rh3 Bd6 35. d5 Bf7 36. Qxc4 Bxf4 37. Rb3 Qc7 38. Qxc7 Bxc7 39. Rb7 Be8 40. Rc1 Bf4 41. Rcb1 Rc7 42. Rxc7 Bxc7 43. Rb7 Bb6 44. d6 Kf8 45. d7 Bf7 46. Rxb6 Ke7 47. Rb7 Bxa2 48. Rxa7 Be6 49. Bc6 h5 50. Ra8 Bxd7 51. Ra7 Kd6 52. Bxd7 1-0

[Event "14th Africa-ch (w)"]
[Site "Lilongwe MAW"]
[Date "2021.05.21"]
[Round "4.8"]
[White "Shriyan, Santosh Priyasha"]
[Black "Marochkina, Nadezhda Valerevna"]
[Result "1-0"]
[WhiteElo "1285"]
[BlackElo "1639"]
[PlyCount "109"]
[EventDate "2021.05.18"]

1. Nf3 d5 2. g3 e6 3. Bg2 Nf6 4. O-O c5 5. d3 Be7 6. Nbd2 O-O 7. e4 dxe4 8. dxe4 Nc6 9. c3 Qc7 10. Qe2 e5 11. h3 b6 12. Rd1 Bb7 13. Nf1 Rad8 14. Bg5 h6 15. Bxf6 Bxf6 16. N1h2 Nb8 17. Ng4 Nd7 18. Rd2 Rfe8 19. Rad1 h5 20. Nxf6+ Nxf6 21. Rxd8 Rxd8 22. Rxd8+ Qxd8 23. Nxe5 Qe8 24. f4 Qa8 25. Qc4 Bxe4 26. Qxf7+ Kh7 27. Bf1 Qd8 28. Qc4 Qd2 29. Qe2 Qd5 30. a3 Qe6 31. Nf3 Qf5 32. Ng5+ Kh8 33. Nxe4 Nxe4 34. Qd3 c4 35. Qe3 Qg6 36. Bg2 Nf6 37. Kh2 b5 38. Qxa7 Qf5 39. Qb8+ Kh7 40. Qe5 Qd7 41. Be4+ Kh8 42. Bg2 Qd2 43. Qxb5 h4 44. Qb8+ Kh7 45. gxh4 Qf2 46. Qe5 Qxb2 47. a4 Qf2 48. a5 Qa2 49. Qb5 Kh8 50. a6 Qf2 51. Qxc4 Kh7 52. Qd4 Qxh4 53. Qd3+ Kh8 54. Qg3 Qh6 55. a7 1-0

[Event "14th Africa-ch (w)"]
[Site "Lilongwe MAW"]
[Date "2021.05.21"]
[Round "4.9"]
[White "Mwilola, Phylis Namasiku"]
[Black "Vilhete, Vania Fausto"]
[Result "0-1"]
[WhiteElo "1432"]
[BlackElo "1799"]
[PlyCount "85"]
[EventDate "2021.05.18"]

1. d4 Nf6 2. Bf4 e6 3. e3 b6 4. c3 Bb7 5. Nd2 Be7 6. h3 c5 7. Ngf3 d6 8. Nc4 O-O 9. Be2 Nc6 10. Qc2 Rc8 11. g4 b5 12. Ncd2 cxd4 13. Bxb5 dxc3 14. bxc3 Nb4 15. Qb3 Nbd5 16. c4 Nxf4 17. exf4 d5 18. O-O dxc4 19. Bxc4 Rb8 20. Qe3 Qc7 21. Ne5 Bc5 22. Qe2 Nd5 23. Bxd5 Bxd5 24. Rfc1 Qe7 25. Rxc5 Qxc5 26. Nd7 Qc3 27. Rd1 Rb2 28. Nxf8 Qxh3 29. f3 Kxf8 30. Qg2 Qxg2+ 31. Kxg2 Rxa2 32. Kf2 f5 33. Ke3 Kf7 34. Kd3 g6 35. Kd4 a5 36. Kc5 a4 37. Kb4 Kg7 38. Nc4 Bxc4 39. Rd7+ Kg8 40. Kxc4 Ra3 41. Rd3 Rb3 42. Rxb3 axb3 43. Kxb3 0-1